Project management for engineering and construction / (Record no. 548402)

000 -LEADER
fixed length control field 00654pam a2200181 a 4500
020 ## - INTERNATIONAL STANDARD BOOK NUMBER
International Standard Book Number 0070481504
082 00 - DEWEY DECIMAL CLASSIFICATION NUMBER
Classification number 658.404
Author Mark OBE
-- L-14, P-193
100 1# - MAIN ENTRY--PERSONAL NAME
Personal name Oberlender, Garold D.
9 (RLIN) 18439
245 10 - TITLE STATEMENT
Title Project management for engineering and construction /
Statement of responsibility, etc. Garold D. Oberlender.
260 ## - PUBLICATION, DISTRIBUTION, ETC.
Place of publication, distribution, etc. New York :
Name of publisher, distributor, etc. McGraw-Hill,
Date of publication, distribution, etc. c1993.
300 ## - PHYSICAL DESCRIPTION
Extent xiv, 272 p. :
Other physical details ill. ;
Dimensions 25 cm.
526 ## - STUDY PROGRAM INFORMATION NOTE
Program name 0
Interest level 0
Reading level 0
Title point value 658_404000000000000_OBE
650 #0 - SUBJECT ADDED ENTRY--TOPICAL TERM
Topical term or geographic name entry element Engineering
General subdivision Management.
650 #0 - SUBJECT ADDED ENTRY--TOPICAL TERM
Topical term or geographic name entry element MCE
9 (RLIN) 379
856 41 - ELECTRONIC LOCATION AND ACCESS
Uniform Resource Identifier <a href="http://www.loc.gov/catdir/enhancements/fy0602/92033745-t.html">http://www.loc.gov/catdir/enhancements/fy0602/92033745-t.html</a>
856 42 - ELECTRONIC LOCATION AND ACCESS
Uniform Resource Identifier <a href="http://www.loc.gov/catdir/enhancements/fy0602/92033745-d.html">http://www.loc.gov/catdir/enhancements/fy0602/92033745-d.html</a>
942 ## - ADDED ENTRY ELEMENTS (KOHA)
Source of classification or shelving scheme
Koha item type Book
Holdings
Withdrawn status Lost status Source of classification or shelving scheme Damaged status Not for loan Permanent Location Current Location Date acquired Total Checkouts Total Renewals Full call number Barcode Date last seen Date last checked out Price effective from Koha item type
          Military College of Engineering (MCE) Military College of Engineering (MCE) 08/27/2014 3 1 658.404 OBE MCE-28483 06/26/2019 04/04/2019 08/27/2014 Book
© 2023 Central Library, National University of Sciences and Technology. All Rights Reserved.